Standards of competence for hydrographic surveyors: guide votes and syllabi for educational and training programmes, approved by International Advisory Board sponsored jointly by FIG and the International Hydrographic Organisation (Record no. 95936)

MARC details
000 -LEADER
fixed length control field 00627cam a2200181 4500
001 - CONTROL NUMBER
control field D3776
008 - FIXED-LENGTH DATA ELEMENTS--GENERAL INFORMATION
fixed length control field 090401t1978 xxu||||| |||| 00| 0 eng d
035 ## - SYSTEM CONTROL NUMBER
System control number (Sirsi) u74876
041 ## - LANGUAGE CODE
Language code of text/sound track or separate title eng
050 ## - LIBRARY OF CONGRESS CALL NUMBER
Classification number 526.9907
110 ## - MAIN ENTRY--CORPORATE NAME
Corporate name or jurisdiction name as entry element Federation International Des Geometres
245 ## - TITLE STATEMENT
Title Standards of competence for hydrographic surveyors: guide votes and syllabi for educational and training programmes, approved by International Advisory Board sponsored jointly by FIG and the International Hydrographic Organisation
260 ## - PUBLICATION, DISTRIBUTION, ETC.
Place of publication, distribution, etc. Monaco
Name of publisher, distributor, etc. IHO
Date of publication, distribution, etc. 1978
300 ## - PHYSICAL DESCRIPTION
Extent 29p. 30cm
350 ## - PRICE (NR) (BK AM CF MU VM SE) [OBSOLETE]
Price 0
942 ## - ADDED ENTRY ELEMENTS (KOHA)
Suppress in OPAC 0
948 ## - LOCAL PROCESSING INFORMATION (OCLC); SERIES PART DESIGNATOR (RLIN)
c (OCLC) 04/03/1997
Holdings
Withdrawn status Lost status Source of classification or shelving scheme Damaged status Not for loan Home library Current library Shelving location Date acquired Total Checkouts Full call number Barcode Date last seen Copy number Price effective from Koha item type
    Other/Generic Classification Scheme     London London Basement 14/09/1999   RESERVE SHELVES 30008120 06/08/2019 1 06/08/2019 Book